|
|
|
|
| LEADER |
00000cam a2200000 7i4500 |
| 001 |
0000005520 |
| 005 |
20220105104012.0 |
| 008 |
070807 |
| 020 |
|
|
|a 1844223760
|
| 090 |
0 |
0 |
|a JP
|b EL ENG (4849)
|
| 100 |
1 |
|
|a Murray, W.
|
| 245 |
1 |
0 |
|a 2b :
|b Have a go
|c Written by W. Murray; illustrated by M. Aitchison
|
| 260 |
|
|
|a London :
|b Ladybird
|
| 440 |
|
0 |
|a Key words with Ladybird
|
| 500 |
|
|
|a Children age 4-6 years old (yellow)
|
| 650 |
|
0 |
|a Early learning
|
| 650 |
|
0 |
|a Junior preschool
|x English
|x Languages
|
| 700 |
1 |
|
|a Wingfield, J.H.
|
| 710 |
0 |
|
|a Title
|
| 999 |
|
|
|a 0000893586
|b Book
|c Children Collection
|e Cawangan Mersing
|
| 999 |
|
|
|a 0000893587
|b Book
|c Children Collection
|e Cawangan Segamat
|
| 999 |
|
|
|a 0000893588
|b Book
|c Children Collection
|e Cawangan Bandar Penawar
|
| 999 |
|
|
|a 0000979778
|b Book
|c Children Collection
|e Perbadanan Perpustakaan Awam Johor
|
| 999 |
|
|
|a 0000979779
|b Book
|c Children Collection
|e Perbadanan Perpustakaan Awam Johor
|
| 999 |
|
|
|a 0000979781
|b Book
|c Children Collection
|e Perbadanan Perpustakaan Awam Johor
|
| 999 |
|
|
|a 000893582
|b Book
|c Children Collection
|e Cawangan Batu Pahat
|
| 999 |
|
|
|a 000893590
|b Book
|c Children Collection
|e Cawangan Batu Pahat
|